BIBLIOTHÈQUE DE LA MAISON DU MEXIQUE

Logo 1 Logo 2

Juan Soriano (notice nᵒ 10924)

détails MARC
000 -Sello discográfico
campo de control de longitud fija 00866nam a2200253 4500
005 - Identificación de versión
campo de control 20251203131350.0
035 ## - Otros números de control del sistema
Número de control del sistema 9631
099 ## - fechas locales
Tipo de ítem Koha LIBRO
100 ## - Datos de procesamiento general
Datos de procesamiento general 20040302d1987 m y1spay5003 ba
101 ## - Idioma del recurso
Idioma del texto, banda sonora, etc. Francés
105 ## - Campo de datos codificados: Material textual, monográfico
Datos codificados de monografía a 001zy
200 1# - Título y mención de responsabilidad
Título propio Juan Soriano
Designación general del material texto impreso
Otra información del título retrospective : 1942-1987
Primer mención de responsabilidad Présentation André Pieyre de Mandiargues
210 ## - Publicación, distribución, etc.
Lugar de publicación, distribución, etc. Paris
Nombre del editor, distribuidor, etc. Musée du Luxembourg
Fecha de publicación, distribución, etc. 1987
215 ## - Descripción física
Designación de material específico y extensión del ítem 37 p
Otras características físicas principalmente il.
Dimensiones 29 cm
300 ## - Notas generales
Texto de la nota Exposición llevada a cabo del 12 de mayo al 6 de junio de 1987 à Paris au Musée du Luxembourg
345 ## - Nota de información de adquisición
Fuente de adquisición/dirección de la suscripción [OBSOLETO] Donación
600 ## - Nombre personal usado como materia
Elemento de entrada Rodríguez Montoya
Parte del nombre distinta del elemento de entrada Juan Francisco
Adiciones al nombre que no sean fechas Juan Soriano
Fechas 1920-2006
Subdivisión temática Exposiciones
Número Koha 17504
660 ## - Código de área geográfica
Código MX
702 ## - Nombre personal - Responsabilidad secundaria
Elemento de entrada Pieyre de Mandiargues
Parte del nombre distinta del elemento de entrada André Paul Édouard
Fechas 1909-1991
Número Koha 1285
801 #0 - Fuente de origen
País FR
Agencia cm
Reglas de catalogación (convenciones descriptivas) AFNOR
942 ## - ELEMENTOS DE ENTRADA SECUNDARIOS (KOHA)
Tipo de ítem Koha Livre
Exemplaires
Estatus retirado Estado de daño Estado de pérdida Fuente de la clasificación o esquema de estantería Fecha de adquisición Biblioteca de origen Biblioteca actual Código de barras Precio de reemplazo Signatura topográfica completa No para préstamo Tipo de ítem Koha Nota no pública
      Clasificación Decimal Dewey 03/12/2025 Casa México Paris Casa México Paris 008235 03/12/2025 759.972 M986js   Livre 751145101